000 00724pam a2200229 i 4500
999 _c16048
_d16046
003 OSt
005 20210413083057.0
008 751211s1976 enka b 001 0 eng
020 _z0700840652
040 _aDLC
_cDLC
_dDLC
050 0 0 _aLB1570
_b.D38
082 0 0 _a375.001
100 1 _aDavies, Ivor K.
_q(Ivor Kevin),
_d1930-
245 1 0 _aObjectives in curriculum design /
_cIvor K. Davies.
260 _aLondon ;
_aNew York :
_bMcGraw-Hill,
_cc1976.
300 _a211 p. :
_bill. ;
_c24 cm.
500 _aIncludes index.
504 _aIncludes bibliographies and indexes.
650 0 _aCurriculum planning.
906 _a7
_bcbc
_corignew
_d1
_eocip
_f19
_gy-gencatlg
942 _2ddc
_cCIRC